Ayuda económica europea a cuentagotas /

Versa sobre la cooperación económica, técnica y financiera que la Comunidad Económica Europea (CEE), ha concebido a Centroamérica y Panamá, especialmente a Costa rica. El análisis comprende el período 80-86, debido a que es a partir de la década de los 80's que la ayuda concebida por dicha comu...

Fuld beskrivelse

Guardado en:
Bibliografiske detaljer
Hovedforfatter: Vargas Solís, Luis Paulino
Format: Texto
Fag:
Tags: Tilføj Tag
Ingen Tags, Vær først til at tagge denne postø!

MARC

LEADER 00000 a a2200000 04500
001 1335
003
040
100 |a Vargas Solís, Luis Paulino  
245 |a Ayuda económica europea a cuentagotas /  |c Luis Paulino Vargas Solís 
520 |a Versa sobre la cooperación económica, técnica y financiera que la Comunidad Económica Europea (CEE), ha concebido a Centroamérica y Panamá, especialmente a Costa rica. El análisis comprende el período 80-86, debido a que es a partir de la década de los 80's que la ayuda concebida por dicha comunidad, empieza a adquirir magnitudes relativamente significativas para la región. SM/EL  
650 |a AYUDA ECONOMICA  
650 |a COOPERACION INTERNACIONAL  
650 |a CEE  
650 |a DEPENDENCIA  
773 |g número 44; páginas 38-40  
999 |c 21276  |d 21276